[Event "Kingston Chan Memorial op"]
[Site "Kingston"]
[Date "2017.09.21"]
[Round "1"]
[White "McDonald, Angelus Seren"]
[Black "Wisdom, Daren"]
[Result "1/2-1/2"]
[WhiteElo "1628"]
[BlackElo "1999"]
[PlyCount "91"]
[EventDate "2017.09.21"]
[EventType "swiss"]
[EventRounds "6"]
[EventCountry "JAM"]
[SourceTitle "EXT 2020"]
[Source "ChessBase"]
[SourceDate "2019.10.17"]
[SourceVersion "1"]
[SourceVersionDate "2019.10.17"]
[SourceQuality "1"]

1. d4 d5 2. c4 e5 3. dxe5 d4 4. Nf3 Nc6 5. a3 Bg4 6. Nbd2 Qe7 7. h3 Bh5 8. b4 0-0-0 9. Bb2 Nxe5 10. Nxe5 Qxe5 11. g4 Bg6 12. Bg2 h5 13. Qa4 Kb8 14. Nf3 Qe8 15. Qxe8 Rxe8 16. Nxd4 Nf6 17. g5 Ne4 18. h4 c5 19. bxc5 Bxc5 20. 0-0 Nd6 21. Nb3 Rxe2 22. Bxg7 Rc8 23. Nxc5 Rxc5 24. Bf8 Kc7 25. Rfd1 Re6 26. Bd5 Rxd5 27. cxd5 Re4 28. Rac1+ Kd7 29. Bxd6 Kxd6 30. Rc8 Rxh4 31. Rd8+ Kc7 32. Ra8 Be4 33. d6+ Kd7 34. f3 Bxf3 35. Rd2 Rh1+ 36. Kf2 Rh2+ 37. Ke3 Rxd2 38. Kxd2 a6 39. Ke3 Bc6 40. Rf8 Ke6 41. Kf4 a5 42. Kg3 Bd5 43. Ra8 Kxd6 44. Rxa5 Be4 45. Kf4 Bg6 46. Rb5 1/2-1/2